Quinta Declinazione latina - Statistics

Statistiche generali
  • Questo quiz è stato fatto 22 volte
  • Il punteggio medio è 11 su 12
Statistiche sulle risposte
Caso Singolare % Corretto
Ablativo
100%
Genitivo Rĕī
100%
Dativo Rĕī
100%
Accusativo Rĕm
100%
Nominativo Rēs
100%
Vocativo Rēs
100%
Nominativo Rēs
100%
Dativo Rēbŭs
89%
Genitivo Rērŭm
89%
Accusativo Rēs
89%
Vocativo Rēs
89%
Ablativo Rēbŭs
83%
Nessun quiz corrispondente trovato
Distribuzione punteggi
Percentuale di utenti per punteggio
Percentile per numero di risposta
I tuoi punteggi nel tempo
Non hai fatto questo quiz